[Event "9. Lovsprings EMT Basis 2 1997"]
[Site "Ringsted"]
[Date "1997.04.11"]
[Round "4"]
[White "Riise, Kim"]
[Black "Nielsen, Carl Otto"]
[Result "1/2-1/2"]
[WhiteElo "1560"]
[BlackElo "1668"]
[PlyCount "62"]
[EventDate "1997.??.??"]

1. e4 c6 2. Nc3 d5 3. Nf3 Bg4 4. h3 Bxf3 5. Qxf3 Nf6 6. exd5 cxd5 7. Bb5+ Nc6
8. O-O e6 9. Re1 Be7 10. d4 Rc8 11. Bg5 O-O 12. Bxc6 Rxc6 13. Qd3 a6 14. Ne2 b5
15. c3 Qd7 16. Nf4 Ne4 17. Bxe7 Qxe7 18. f3 Nf6 19. Qd2 Qd6 20. Nd3 Nd7 21. Ne5
Nxe5 22. Rxe5 Rfc8 23. a3 a5 24. Re2 a4 25. Qg5 Kf8 26. f4 h6 27. Qe5 Qxe5 28.
fxe5 Rc4 29. Rf2 R8c7 30. h4 h5 31. g3 Kg8 1/2-1/2

[Event "9. Lovsprings EMT Basis 2 1997"]
[Site "Ringsted"]
[Date "1997.04.18"]
[Round "5"]
[White "Andersen, Claus"]
[Black "Elholm, Tommy"]
[Result "0-1"]
[WhiteElo "1611"]
[BlackElo "1644"]
[PlyCount "94"]
[EventDate "1997.??.??"]

1. e4 c5 2. Nf3 d6 3. d4 cxd4 4. Nxd4 Nf6 5. Nc3 a6 6. a4 Bd7 7. Be3 e6 8. Bd3
Be7 9. O-O O-O 10. Kh1 Nc6 11. Nb3 Qc7 12. f4 Nb4 13. Qe2 Bc6 14. h3 Rac8 15.
a5 Nd7 16. f5 Bf6 17. fxe6 fxe6 18. Qg4 Rce8 19. Nd4 Ne5 20. Qe2 Bd7 21. Qd2
Nc4 22. Bxc4 Qxc4 23. b3 Qc7 24. Nce2 Nc6 25. b4 Ne5 26. Rac1 Nc4 27. Qd3 e5
28. Nf5 Be6 29. Nfg3 h6 30. Rb1 Nxe3 31. Qxe3 Qxc2 32. Rfc1 Qa4 33. Qb6 Bg5 34.
Ra1 Qb3 35. Rcb1 Qc4 36. Qxd6 Rf2 37. Qd1 Ref8 38. Qe1 Bh4 39. Rc1 Qb5 40. Rc5
Qd7 41. Qd1 Qf7 42. Rac1 Bxh3 43. Nf5 Bxg2+ 44. Kh2 Bxe4+ 45. Kh3 Qxf5+ 46.
Kxh4 Qg5+ 47. Kh3 Bf5# 0-1

[Event "9. Lovsprings EMT Basis 2 1997"]
[Site "Ringsted"]
[Date "1997.04.18"]
[Round "5"]
[White "Dickow, Flemming"]
[Black "Paustian, Dennis"]
[Result "1-0"]
[WhiteElo "1585"]
[BlackElo "1535"]
[PlyCount "61"]
[EventDate "1997.??.??"]

1. e4 c5 2. f4 d6 3. Nf3 Nc6 4. Nc3 g6 5. d4 cxd4 6. Nxd4 Bg7 7. Be3 Nf6 8. Be2
O-O 9. Nb3 a6 10. O-O b5 11. Bf3 Qc7 12. a3 Bb7 13. Qe1 Rac8 14. Nd5 Nxd5 15.
exd5 Nb8 16. c3 Nd7 17. Qf2 Nf6 18. Bb6 Qb8 19. Rad1 e6 20. Bd4 Nxd5 21. Bxg7
Kxg7 22. Bxd5 Bxd5 23. Rxd5 exd5 24. Nd4 Rce8 25. f5 h5 26. f6+ Kh7 27. Qd2 Re5
28. Nf5 Rxf5 29. Rxf5 gxf5 30. Qg5 Rg8 31. Qxh5# 1-0

[Event "9. Lovsprings EMT Basis 2 1997"]
[Site "Ringsted"]
[Date "1997.04.18"]
[Round "5"]
[White "Henriksen, Kasper"]
[Black "Hansen, Henning"]
[Result "0-1"]
[WhiteElo "1580"]
[BlackElo "1590"]
[PlyCount "86"]
[EventDate "1997.??.??"]

1. e4 c5 2. Nf3 d6 3. d4 cxd4 4. Nxd4 Nf6 5. Nc3 e6 6. Bg5 Be7 7. f4 a6 8. Qf3
h6 9. Bh4 Qc7 10. Bf2 Nc6 11. Bd3 O-O 12. O-O Nxd4 13. Bxd4 e5 14. Be3 Be6 15.
f5 Bc4 16. Rad1 b5 17. a3 Rac8 18. Rf2 Qb7 19. b3 Bxd3 20. Rxd3 Rc7 21. Nd5
Nxd5 22. Rxd5 Rfc8 23. Qg4 Kh7 24. f6 Bf8 25. Rf3 Rxc2 26. fxg7 Bxg7 27. Rg3 f6
28. Qg6+ Kh8 29. Bxh6 Qa7+ 30. Be3 Rc1+ 31. Kf2 R8c2+ 32. Kf3 Rf1+ 33. Kg4 Qd7+
34. Kh4 Qe7 35. Bh6 Rf4+ 36. Bxf4 exf4 37. Rh5+ Kg8 38. Rg4 f5+ 39. Rgg5 Rxg2
40. exf5 Rxh2+ 41. Kg4 Qe2+ 42. Kxf4 Rf2+ 43. Kg3 Qf3+ 0-1

[Event "9. Lovsprings EMT Basis 2 1997"]
[Site "Ringsted"]
[Date "1997.04.18"]
[Round "5"]
[White "Jensen, Dan Bronnum"]
[Black "Mouritsen, Jan"]
[Result "1-0"]
[WhiteElo "1611"]
[BlackElo "1524"]
[PlyCount "119"]
[EventDate "1997.??.??"]

1. e4 c5 2. Nf3 d6 3. d4 cxd4 4. Nxd4 Nf6 5. Nc3 e6 6. Be2 a6 7. O-O Be7 8. Be3
O-O 9. f4 Nc6 10. Nb3 Qc7 11. Qe1 Rd8 12. Qf2 Re8 13. a3 b5 14. Bf3 Bb7 15. Nd2
Nd7 16. Qg3 Bf6 17. Be2 b4 18. Nd1 bxa3 19. Rxa3 Nd4 20. Bd3 Nxc2 21. Rb3 Nxe3
22. Qxe3 Nc5 23. Ra3 Nxd3 24. Qxd3 Rac8 25. Rb3 Red8 26. Kh1 h6 27. Ne3 a5 28.
Qb5 Rb8 29. Qd3 Qc6 30. Ng4 Ba6 31. Nxf6+ gxf6 32. Qg3+ Kh7 33. Re3 Qb7 34. Rb1
Rg8 35. Qf2 Rg7 36. Rb3 Qa8 37. Rxb8 Qxb8 38. Qd4 e5 39. Qf2 Bd3 40. Ra1 Qxb2
41. Qe1 Bxe4 42. Qxe4+ Kh8 43. Qe1 e4 44. Rb1 Qc3 45. Nxe4 Qc6 46. Rc1 Qb7 47.
Ng3 h5 48. Qe8+ Rg8 49. Qc6 Qb2 50. Qc2 Qb7 51. Nxh5 Rg6 52. Qc8+ Qxc8 53.
Rxc8+ Rg8 54. Rc6 Rb8 55. h3 a4 56. Ra6 Rb1+ 57. Kh2 Ra1 58. Nxf6 a3 59. Nd5
Rd1 60. Ne3 1-0

[Event "9. Lovsprings EMT Basis 2 1997"]
[Site "Ringsted"]
[Date "1997.04.18"]
[Round "5"]
[White "Lassur, Benjamin"]
[Black "Nielsen, Carl Otto"]
[Result "1-0"]
[WhiteElo "1686"]
[BlackElo "1668"]
[PlyCount "97"]
[EventDate "1997.??.??"]

1. c4 Nf6 2. Nc3 e6 3. g3 c5 4. Bg2 Nc6 5. d3 Be7 6. Bg5 h6 7. Bd2 O-O 8. Qc1
Re8 9. e4 Ne5 10. Qc2 d6 11. f4 Nc6 12. Nge2 Bf8 13. O-O Bd7 14. Rae1 g6 15. a3
Bg7 16. Qc1 Na5 17. Qd1 Nc6 18. Nb5 Bc8 19. Bc3 Ng4 20. Qd2 a6 21. Bxg7 Kxg7
22. Nbc3 Nd4 23. h3 Nxe2+ 24. Qxe2 Nf6 25. Qf2 e5 26. fxe5 Rxe5 27. Nd5 Re6 28.
Re3 Nxd5 29. Qxf7+ Kh8 30. cxd5 Re5 31. Qxg6 Re7 32. Qxh6+ Kg8 33. Ref3 Rg7 34.
Rf8+ Qxf8 35. Rxf8+ Kxf8 36. Qxd6+ Kg8 37. g4 Bd7 38. Qxc5 Rc8 39. Qd4 Rc1+ 40.
Kh2 Rf7 41. Kg3 Bb5 42. a4 Bd7 43. e5 Rg7 44. d6 Rd1 45. Bd5+ Kf8 46. e6 Bxa4
47. e7+ Ke8 48. Qxg7 Rxd3+ 49. Kh4 1-0

[Event "9. Lovsprings EMT Basis 2 1997"]
[Site "Ringsted"]
[Date "1997.04.18"]
[Round "5"]
[White "Olsen, Michael"]
[Black "Riise, Kim"]
[Result "1/2-1/2"]
[WhiteElo "1685"]
[BlackElo "1560"]
[PlyCount "49"]
[EventDate "1997.??.??"]

1. e4 c6 2. d4 d5 3. e5 Bf5 4. g4 Be4 5. f3 Bg6 6. h4 h5 7. Bd3 Bxd3 8. Qxd3 e6
9. g5 g6 10. Ne2 c5 11. c3 c4 12. Qc2 Ne7 13. b3 cxb3 14. axb3 Nf5 15. Kf2 Qc7
16. Ba3 Bxa3 17. Nxa3 Nc6 18. Qd3 Qb6 19. Kg2 O-O 20. Rab1 a6 21. Ng3 Nce7 22.
Nc2 Nxg3 23. Kxg3 Nf5+ 24. Kh3 Rfc8 25. Rhc1 1/2-1/2

[Event "9. Lovsprings EMT Basis 2 1997"]
[Site "Ringsted"]
[Date "1997.04.18"]
[Round "5"]
[White "Schmidt, Torben"]
[Black "Eriksen, Tommy"]
[Result "1-0"]
[WhiteElo "1644"]
[BlackElo "1590"]
[PlyCount "49"]
[EventDate "1997.??.??"]

1. e4 e5 2. Nf3 Nc6 3. d4 exd4 4. Bc4 Bb4+ 5. c3 Qe7 6. cxb4 Qxe4+ 7. Kf1 Nxb4
8. Ng5 Qc2 9. Qe1+ Ne7 10. Na3 Qa4 11. b3 Qa5 12. Bd2 c5 13. Nb5 d5 14. Nd6+
Kf8 15. Bxd5 Qa6+ 16. Bc4 Qxd6 17. Nxf7 Qc6 18. Bxb4 cxb4 19. Qxb4 Bh3 20. Rg1
Be6 21. Bxe6 Qxe6 22. Nxh8 d3 23. Re1 Rc8 24. Rxe6 Rc1+ 25. Re1 1-0

[Event "9. Lovsprings EMT Basis 2 1997"]
[Site "Ringsted"]
[Date "1997.04.18"]
[Round "5"]
[White "Svava, Mogens"]
[Black "Andersson, Martin"]
[Result "1/2-1/2"]
[WhiteElo "1551"]
[BlackElo "1597"]
[PlyCount "86"]
[EventDate "1997.??.??"]

1. f4 d6 2. Nf3 Nf6 3. c4 g6 4. Nc3 Bg7 5. d4 O-O 6. e4 c5 7. dxc5 dxc5 8. Qxd8
Rxd8 9. e5 Ne8 10. Be3 b6 11. Be2 Nc6 12. O-O Bb7 13. Rad1 Nc7 14. a3 Rxd1 15.
Rxd1 Rd8 16. Rxd8+ Nxd8 17. b4 cxb4 18. axb4 f6 19. exf6 exf6 20. c5 bxc5 21.
Bxc5 a6 22. Bc4+ Kh8 23. Nd4 Nc6 24. Nce2 f5 25. Ne6 Nxe6 26. Bxe6 Bf6 27. Kf2
Be7 28. Bxe7 Nxe7 29. Nc3 Kg7 30. g3 Kf6 31. Bc4 h6 32. Ke3 g5 33. Kd4 gxf4 34.
gxf4 a5 35. b5 Ng6 36. Nd5+ Bxd5 37. Bxd5 Ke7 38. b6 Kd6 39. b7 Kc7 40. Bf7
Nxf4 41. b8=Q+ Kxb8 42. Ke5 Nd3+ 43. Kxf5 Nf2 1/2-1/2

[Event "9. Lovsprings EMT Basis 2 1997"]
[Site "Ringsted"]
[Date "1997.05.02"]
[Round "6"]
[White "Andersson, Martin"]
[Black "Eriksen, Tommy"]
[Result "1-0"]
[WhiteElo "1597"]
[BlackElo "1590"]
[PlyCount "53"]
[EventDate "1997.??.??"]

1. e4 e5 2. d4 exd4 3. Qxd4 Nc6 4. Qe3 b6 5. Nc3 Bc5 6. Qg3 Nf6 7. Bg5 O-O 8.
O-O-O d6 9. Nf3 Re8 10. e5 Nxe5 11. Nxe5 Bxf2 12. Qxf2 Rxe5 13. Bxf6 gxf6 14.
Bd3 Bb7 15. Rhf1 f5 16. Qg3+ Kh8 17. Rxf5 Rxf5 18. Bxf5 Qf6 19. Qh3 Qg7 20. Ne4
h6 21. Rd3 Re8 22. Rg3 Qf8 23. Rg4 d5 24. Qc3+ f6 25. Nxf6 d4 26. Qxd4 Rd8 27.
Nd7+ 1-0

[Event "9. Lovsprings EMT Basis 2 1997"]
[Site "Ringsted"]
[Date "1997.05.02"]
[Round "6"]
[White "Dickow, Flemming"]
[Black "Svava, Mogens"]
[Result "1-0"]
[WhiteElo "1585"]
[BlackElo "1551"]
[PlyCount "51"]
[EventDate "1997.??.??"]

1. e4 c5 2. Nf3 Nc6 3. d4 cxd4 4. Nxd4 e5 5. Nb3 Nf6 6. Bg5 Be7 7. Bxf6 Bxf6 8.
Nc3 O-O 9. Bc4 Na5 10. Nxa5 Qxa5 11. O-O Qb4 12. Bb3 a6 13. a3 Qc5 14. Nd5 Bd8
15. Qh5 d6 16. Rad1 Be6 17. Kh1 Rc8 18. f4 g6 19. Qh6 Bxd5 20. Rxd5 Qe3 21. Rd3
Qe2 22. Rdf3 Qxe4 23. Rh3 g5 24. f5 Qh4 25. Rxh4 gxh4 26. f6 1-0

[Event "9. Lovsprings EMT Basis 2 1997"]
[Site "Ringsted"]
[Date "1997.05.02"]
[Round "6"]
[White "Elholm, Tommy"]
[Black "Riise, Kim"]
[Result "1-0"]
[WhiteElo "1644"]
[BlackElo "1560"]
[PlyCount "53"]
[EventDate "1997.??.??"]

1. d4 Nf6 2. c4 g6 3. Nc3 Bg7 4. e4 d6 5. Nge2 O-O 6. f3 Nc6 7. Be3 e5 8. d5
Ne7 9. Qd2 a6 10. g4 Bxg4 11. fxg4 Nxg4 12. O-O-O f5 13. Bh3 Nxe3 14. Qxe3 f4
15. Be6+ Kh8 16. Qf3 Ng8 17. h4 Nf6 18. Ng1 Nh5 19. Kb1 Rb8 20. a4 Qe8 21. Nh3
b5 22. axb5 axb5 23. Nxb5 Ng3 24. Rh2 c6 25. Nxd6 Qd8 26. c5 cxd5 27. Ng5 1-0

[Event "9. Lovsprings EMT Basis 2 1997"]
[Site "Ringsted"]
[Date "1997.05.02"]
[Round "6"]
[White "Hansen, Henning"]
[Black "Andersen, Claus"]
[Result "1-0"]
[WhiteElo "1590"]
[BlackElo "1611"]
[PlyCount "61"]
[EventDate "1997.??.??"]

1. e4 e6 2. d4 d5 3. Nd2 dxe4 4. Nxe4 Nd7 5. Bd3 Ngf6 6. Nf3 Nxe4 7. Bxe4 Nf6
8. Bd3 c5 9. O-O cxd4 10. Nxd4 Be7 11. Re1 O-O 12. c3 a6 13. Bf4 Qb6 14. Qc2
Bd7 15. Rad1 Rac8 16. h3 h6 17. Nf5 Bc5 18. Ne3 Bb5 19. Ng4 Nxg4 20. hxg4 Bxd3
21. Rxd3 Rfd8 22. Rh3 Re8 23. g5 h5 24. Rxh5 g6 25. Rh4 Bd6 26. Be3 Bc5 27. Qe4
Bxe3 28. Rxe3 Qb5 29. Qf4 Qf5 30. Reh3 Kf8 31. Qd6+ 1-0

[Event "9. Lovsprings EMT Basis 2 1997"]
[Site "Ringsted"]
[Date "1997.05.02"]
[Round "6"]
[White "Lassur, Benjamin"]
[Black "Olsen, Michael"]
[Result "0-1"]
[WhiteElo "1686"]
[BlackElo "1685"]
[PlyCount "90"]
[EventDate "1997.??.??"]

1. c4 c6 2. Nc3 d5 3. cxd5 cxd5 4. d4 e6 5. Bf4 Bd6 6. Bxd6 Qxd6 7. e3 Bd7 8.
Qb3 b6 9. Nb5 Bxb5 10. Bxb5+ Ke7 11. Rc1 Nf6 12. Nf3 a6 13. Qa4 Rd8 14. Ne5 Ra7
15. O-O Rb7 16. Bd3 g6 17. Rc2 b5 18. Qa5 Ne8 19. Rfc1 Rb6 20. Rc8 Rxc8 21.
Rxc8 f6 22. Nf3 Rc6 23. Rxc6 Qxc6 24. Qa3+ Nd6 25. b3 Qc3 26. Bf1 Kd7 27. Qc5
Qxc5 28. dxc5 Ne4 29. b4 Nc3 30. Nd4 Nxa2 31. Nc2 Nc6 32. Na3 Naxb4 33. Nxb5
axb5 34. Bxb5 Kc7 35. Kf1 e5 36. Ke2 d4 37. Bc4 h6 38. h4 Nd8 39. Bb5 Ne6 40.
g4 Nxc5 41. f4 d3+ 42. Kd1 Kd8 43. Bc4 Ke7 44. Kd2 Ne4+ 45. Ke1 Nc2+ 0-1

[Event "9. Lovsprings EMT Basis 2 1997"]
[Site "Ringsted"]
[Date "1997.05.02"]
[Round "6"]
[White "Mouritsen, Jan"]
[Black "Henriksen, Kasper"]
[Result "0-1"]
[WhiteElo "1524"]
[BlackElo "1580"]
[PlyCount "60"]
[EventDate "1997.??.??"]

1. d4 f5 2. Nf3 Nf6 3. g3 e6 4. Bg2 d5 5. O-O Be7 6. c4 c6 7. b3 O-O 8. Nc3 Qe8
9. Bb2 Qh5 10. Ne5 Nbd7 11. e3 Qh6 12. Rc1 Bd6 13. Nf3 Ne4 14. Nxe4 fxe4 15.
Ne1 Rf5 16. f4 g5 17. Nc2 gxf4 18. exf4 Nf8 19. Ne3 Rf7 20. cxd5 exd5 21. Nxd5
Ng6 22. Ne3 Nxf4 23. Ng4 Qg5 24. Ne5 Bxe5 25. dxe5 Nxg2 26. Kxg2 Bg4 27. Rxf7
Bxd1 28. e6 Bf3+ 29. Kg1 Qe3+ 30. Kf1 Qe2+ 0-1

[Event "9. Lovsprings EMT Basis 2 1997"]
[Site "Ringsted"]
[Date "1997.05.02"]
[Round "6"]
[White "Nielsen, Carl Otto"]
[Black "Schmidt, Torben"]
[Result "0-1"]
[WhiteElo "1668"]
[BlackElo "1644"]
[PlyCount "82"]
[EventDate "1997.??.??"]

1. d4 d5 2. Nf3 Nf6 3. c4 e6 4. Nc3 Bb4 5. e3 O-O 6. Bd3 Nbd7 7. O-O Bxc3 8.
bxc3 c6 9. Ba3 Re8 10. Bd6 dxc4 11. Bxc4 Nb6 12. Bd3 Qxd6 13. e4 Qe7 14. e5 Ng4
15. h3 Nh6 16. Qe2 Nd5 17. g3 b5 18. Qc2 g6 19. h4 a5 20. Ng5 Nf5 21. Rae1 b4
22. Bxf5 gxf5 23. c4 Nc3 24. g4 h6 25. gxf5 exf5 26. Nf3 Be6 27. Kh2 Kh7 28.
Re3 Rg8 29. Rxc3 bxc3 30. d5 cxd5 31. cxd5 Rg4 32. Kh3 Bxd5 33. Qxf5+ Rg6 34.
h5 Be6 35. hxg6+ fxg6 36. Qxe6 Qxe6+ 37. Kg3 c2 38. Rh1 Kg7 39. Rc1 Rc8 40. Kf4
Qf5+ 41. Ke3 Rc3+ 0-1

[Event "9. Lovsprings EMT Basis 2 1997"]
[Site "Ringsted"]
[Date "1997.05.02"]
[Round "6"]
[White "Paustian, Dennis"]
[Black "Jensen, Dan Bronnum"]
[Result "1-0"]
[WhiteElo "1535"]
[BlackElo "1611"]
[PlyCount "119"]
[EventDate "1997.??.??"]

1. Nf3 c5 2. e4 Nc6 3. d4 cxd4 4. Nxd4 Nf6 5. Nc3 e6 6. a3 Qa5 7. Nxc6 bxc6 8.
Bd3 d5 9. exd5 exd5 10. O-O Be7 11. Re1 Be6 12. Bf4 O-O 13. Ne2 Qb6 14. b4 Ng4
15. Rf1 Nf6 16. c3 Qd8 17. Nd4 Bd7 18. Bc2 c5 19. Nf5 Bxf5 20. Bxf5 cxb4 21.
cxb4 h6 22. Rc1 Bd6 23. Bxd6 Qxd6 24. Qb3 Qf4 25. Bb1 Rfe8 26. Qd3 Rac8 27.
Rxc8 Rxc8 28. g3 Qe5 29. f4 Qc3 30. Qf5 Re8 31. Qd3 Qc7 32. Ba2 Rd8 33. Re1
Qb6+ 34. Kg2 Qb7 35. Qd4 Qc7 36. Re2 Qd7 37. Bb3 h5 38. h3 Qb5 39. Re3 a5 40.
bxa5 Qxa5 41. a4 Rb8 42. Qe5 Qd2+ 43. Re2 Qa5 44. Qxb8+ Kh7 45. Bc2+ g6 46. Qf8
Qc7 47. Qe7 Qc3 48. Qxf7+ Kh8 49. Qxg6 Qc6 50. Qh6+ Kg8 51. Bh7+ Kf7 52. Qg6+
Kf8 53. Kh2 Qc3 54. Rc2 Qd4 55. Rc8+ Ke7 56. Qg7+ Kd6 57. Qf8+ Ke6 58. Rc6+ Kd7
59. Qd6+ Ke8 60. Bg6# 1-0

[Event "9. Lovsprings EMT Basis 2 1997"]
[Site "Ringsted"]
[Date "1997.05.16"]
[Round "7"]
[White "Elholm, Tommy"]
[Black "Olsen, Michael"]
[Result "0-1"]
[WhiteElo "1644"]
[BlackElo "1685"]
[PlyCount "64"]
[EventDate "1997.??.??"]

1. d4 e6 2. c4 d5 3. Nc3 Nf6 4. Nf3 h6 5. a3 a5 6. e3 Be7 7. Bd3 Nbd7 8. Bd2 c5
9. cxd5 exd5 10. O-O O-O 11. Rc1 b6 12. Re1 Re8 13. Bb5 Bd6 14. Bc6 Rb8 15.
Nxd5 Nxd5 16. Bxd5 Nf6 17. Bc6 Re6 18. d5 Re4 19. Bc3 Bg4 20. h3 Bh5 21. Kf1 g5
22. Bb5 g4 23. hxg4 Nxg4 24. Be2 Bg3 25. Ne5 Nxf2 26. Qc2 Qh4 27. Bxh5 Qh1+ 28.
Ke2 Qxh5+ 29. Nf3 Qxd5 30. Nd2 Rxe3+ 31. Kf1 Rbe8 32. Rxe3 Rxe3 0-1

[Event "9. Lovsprings EMT Basis 2 1997"]
[Site "Ringsted"]
[Date "1997.05.16"]
[Round "7"]
[White "Henriksen, Kasper"]
[Black "Andersen, Claus"]
[Result "1-0"]
[WhiteElo "1580"]
[BlackElo "1611"]
[PlyCount "57"]
[EventDate "1997.??.??"]

1. e4 e6 2. d4 d5 3. Nc3 Bb4 4. e5 c5 5. a3 Bxc3+ 6. bxc3 Qc7 7. Qg4 f5 8. Qh5+
g6 9. Qh4 cxd4 10. Qxd4 Nc6 11. Bb5 Bd7 12. Bxc6 Bxc6 13. Nf3 Bb5 14. Rb1 Qd7
15. h4 Ne7 16. Bg5 Ba6 17. h5 Rg8 18. hxg6 Nxg6 19. Bf6 Rc8 20. Ng5 Rc4 21.
Qxc4 dxc4 22. Rxh7 Qc8 23. Nf7 Kd7 24. Nd6+ Kc6 25. Nxc8 Rxc8 26. g3 Nf8 27.
Re7 Rc7 28. Rd1 Kc5 29. Rxc7+ 1-0

[Event "9. Lovsprings EMT Basis 2 1997"]
[Site "Ringsted"]
[Date "1997.05.16"]
[Round "7"]
[White "Jensen, Dan Bronnum"]
[Black "Hansen, Henning"]
[Result "1-0"]
[WhiteElo "1611"]
[BlackElo "1590"]
[PlyCount "73"]
[EventDate "1997.??.??"]

1. d4 d5 2. Nc3 Nf6 3. Bg5 Nbd7 4. Nf3 c6 5. e3 e6 6. a3 h6 7. Bh4 Be7 8. Bd3
O-O 9. O-O a5 10. Ne2 b6 11. c4 dxc4 12. Bxc4 b5 13. Bd3 b4 14. axb4 Bxb4 15.
Ne5 Qb6 16. Nc4 Qa7 17. e4 Ba6 18. Ne3 Qb7 19. Bxa6 Rxa6 20. Qd3 c5 21. d5 Ne5
22. Qc2 Nfg4 23. dxe6 fxe6 24. Nxg4 Nxg4 25. h3 Nf6 26. Bxf6 Rxf6 27. Rad1 Qc7
28. Qc4 Rb6 29. Rd3 Rb8 30. Rfd1 Rbf8 31. f3 Rg6 32. Kh1 Kh7 33. Rd6 Qc8 34. e5
Rf5 35. Nf4 Rgg5 36. Nxe6 Rh5 37. Qg4 1-0

[Event "9. Lovsprings EMT Basis 2 1997"]
[Site "Ringsted"]
[Date "1997.05.16"]
[Round "7"]
[White "Mouritsen, Jan"]
[Black "Svava, Mogens"]
[Result "1/2-1/2"]
[WhiteElo "1524"]
[BlackElo "1551"]
[PlyCount "40"]
[EventDate "1997.??.??"]

1. d4 d5 2. c4 c6 3. cxd5 cxd5 4. Nc3 Nc6 5. Nf3 e6 6. e3 Bd6 7. Bd3 Nf6 8. O-O
O-O 9. a3 e5 10. dxe5 Nxe5 11. b4 Nxf3+ 12. gxf3 Bxh2+ 13. Kxh2 Qd6+ 14. f4
Ng4+ 15. Kg2 f5 16. Bb2 Qg6 17. Nxd5 Nxe3+ 18. Kf3 Nxd5 19. Rg1 Qh5+ 20. Kg3
Qg6+ 1/2-1/2

[Event "9. Lovsprings EMT Basis 2 1997"]
[Site "Ringsted"]
[Date "1997.05.16"]
[Round "7"]
[White "Nielsen, Carl Otto"]
[Black "Paustian, Dennis"]
[Result "1-0"]
[WhiteElo "1668"]
[BlackElo "1535"]
[PlyCount "57"]
[EventDate "1997.??.??"]

1. d4 d5 2. c4 e6 3. Nc3 Nf6 4. Nf3 c6 5. Bg5 Nbd7 6. cxd5 cxd5 7. e3 Qa5 8.
Bd3 Bb4 9. Qc2 b6 10. O-O Ba6 11. Rac1 Bxd3 12. Qxd3 Bxc3 13. Qxc3 Qxc3 14.
Rxc3 O-O 15. Bxf6 Nxf6 16. Rfc1 Ne4 17. Rc7 Nd6 18. b3 Rac8 19. Kf1 Rxc7 20.
Rxc7 Ra8 21. Ne5 f6 22. Nc6 Nb5 23. Re7 Rc8 24. Nxa7 Rc1+ 25. Ke2 Nc3+ 26. Kf3
Nxa2 27. Rxe6 Rc7 28. Nb5 Rb7 29. Re8+ 1-0

[Event "9. Lovsprings EMT Basis 2 1997"]
[Site "Ringsted"]
[Date "1997.05.16"]
[Round "7"]
[White "Riise, Kim"]
[Black "Andersson, Martin"]
[Result "1/2-1/2"]
[WhiteElo "1560"]
[BlackElo "1597"]
[PlyCount "52"]
[EventDate "1997.??.??"]

1. Nf3 Nf6 2. c4 g6 3. d4 Bg7 4. Nc3 d6 5. g3 O-O 6. Bg2 c5 7. dxc5 dxc5 8. O-O
Nc6 9. Bg5 h6 10. Qxd8 Rxd8 11. Be3 Be6 12. Bxc5 Bxc4 13. Rfd1 Rd7 14. Rxd7
Nxd7 15. Nd2 Nxc5 16. Nxc4 Bxc3 17. Bxc6 bxc6 18. bxc3 Na4 19. Ne5 c5 20. c4
Rd8 21. Nc6 Rd7 22. e3 f6 23. Rb1 Rc7 24. Rb8+ Kg7 25. Nd8 Rd7 26. Ne6+ Kf7
1/2-1/2

[Event "9. Lovsprings EMT Basis 2 1997"]
[Site "Ringsted"]
[Date "1997.05.16"]
[Round "7"]
[White "Schmidt, Torben"]
[Black "Lassur, Benjamin"]
[Result "1-0"]
[WhiteElo "1644"]
[BlackElo "1686"]
[PlyCount "67"]
[EventDate "1997.??.??"]

1. e4 d5 2. exd5 Qxd5 3. Nc3 Qa5 4. Nf3 Nf6 5. Be2 Bf5 6. b4 Qb6 7. O-O e6 8.
b5 c6 9. Rb1 Qc7 10. Nd4 Bg6 11. d3 Bd6 12. g3 Be5 13. bxc6 bxc6 14. Be3 Qd8
15. Rxb8 Qxb8 16. Nxc6 Qc7 17. d4 Bd6 18. Bf3 a6 19. Re1 O-O 20. d5 Bb4 21. Bf4
Qd7 22. Nxb4 Rac8 23. Nc6 Rfe8 24. Ne5 Qc7 25. Nc6 Qd7 26. Qd2 Bh5 27. Bg2 Bg6
28. Rb1 exd5 29. Nxd5 Nxd5 30. Qxd5 Qxd5 31. Bxd5 Bxc2 32. Rb7 Be4 33. Bxf7+
Kf8 34. Bd6+ 1-0